1508 1875 1983 1351 1672 1130 1529 1981 1913 1590 1570 1575 1585 1553 1430 1961 1326 1022 1513 1783 1105 1553 1150 1991 1597 1537 1808 1744 1368 1534 1433 1737 1330 1068 1134 1028 1765 1874 1114 1978 1444 1879 1626 1644 1919 1793 1673 1111 1289 1846 1030 1663 1456 1711 1400 1282 1201 1096 1784 1821 1918 1053 1143 1593 1345 1857 1312 1171 1056 1338 1569 1301 1781 1597 1137 1266 1031 1646 1486 1609 1677 1206 1986 1757 1259 1498 1716 1599 1196 1061 1614 1388 1648 1821 1271 1965 1896 1937 1547 BCNSPRNW ULIB Ver.6.0+V

เปลี่ยนเป็นภาษาไทย

Change to English
 แสดงรายละเอียดบรรณานุกรม
  กลับหน้าหลัก

Brief Record : Get Marc (ISO 2709) : E-mail record : QR code < ปิดหน้าต่าง
LEADER : 00000nam 2200000uu 4500
001    13399124511
003     ULIB
008    150817s2556 th a 000 0 tha d
020    9789749804193
020    9789749804198
090    นว.^bล158บ ล.1
100    ล่อร่า อิงกัลล์ส์ ไวล์เดอร์;^eผู้แต่ง
245    บ้านเล็กในป่าใหญ่/^cล่อร่า อิงกัลล์ส์ ไวล์เดอร์. ; เขียน ,สุคนธรส. ; แปล
250    พิมพ์ครั้งที่ 17
260    กรุงเทพฯ :^bแพรวเยาวชน,^c2556
300    150 หน้า;^b18.5 ซม.
500    หนังสือชุดบ้านเล็ก
700    สุคนธรส ;^eแปล
945    ^p115^l0^i039772
999    ^aทศพร
รายการนี้ยังไม่มีแท็ก
คุณยังไม่ได้ล็อกอิน คุณสามารถมีกิจกรรมร่วมกับเว็บไซต์ได้ แต่ต้องล็อกอินก่อน ::
  ล็อกอิน

รายการสื่อสารสนเทศ

ลำดับที่ ประเภท เลขเรียก/บาร์โค้ด สถานที่ สถานะ
1. นวนิยาย
นวนิยาย
นว. ล158บ ล.1 ฉ.1 
  Barcode: 039772
ห้องสมุดวิทยาเขตสวรรค์ประชารักษ์
►นวนิยาย
บนชั้น
  ขอยืม

BibComment


ยังไม่เคยถูกคอมเมนท์

คอมเมนท์ทรัพยากรรายการนี้
  คอมเมนท์: บ้านเล็กในป่าใหญ่..


 Copyright 2026. Bcnsprnw @Library